| 000 | 00943cam a22002894a 4500 | ||
|---|---|---|---|
| 001 | 15650331 | ||
| 003 | SISC | ||
| 005 | 20160215153542.0 | ||
| 008 | 090306s2010 iaua 001 0 eng | ||
| 010 | _a 2009008619 | ||
| 020 | _a9780073028200 (hard copy : alk. paper) | ||
| 020 | _a0073028207 (hard copy : alk. paper) | ||
| 040 |
_aDLC _cDLC _dDLC |
||
| 050 | 0 | 0 |
_aQL 47.2 _b.M55 1994 |
| 100 | 1 |
_aMiller, Stephen A. _97447 |
|
| 245 | 1 | 0 |
_aZoology / _cStephen A. Miller, John P. Harley. |
| 250 | _a2nd ed. | ||
| 260 |
_aDubuque, IA : _bMcGraw-Hill, _c1994. |
||
| 300 |
_a664 p. : _bcol. ill. ; _c29 cm. |
||
| 500 | _aIncludes index. | ||
| 650 | 0 |
_aZoology. _97448 |
|
| 700 | 1 |
_aHarley, John P. _97449 |
|
| 906 |
_a7 _bcbc _corignew _d1 _eecip _f20 _gy-gencatlg |
||
| 942 |
_2lcc _cBK |
||
| 999 |
_c42355 _d42355 |
||